000 01423cam a2200169 4500500
005 20260322010317.0
041 _afre
042 _adc
100 1 0 _aDrieskens, Jean-Marc
_eauthor
245 0 0 _aLe cours de religion en Belgique francophone
260 _c2026.
500 _a16
520 _aL’article se propose d’aborder succinctement la place et la fonction du cours de religion catholique dans l’enseignement obligatoire en Belgique francophone. Dans un premier temps, il évoque la structure et les réseaux de cet enseignement car les finalités évoquées ci-dessus sont étroitement liées à ceux-ci. Dans un second temps, il présente ce cours en évoquant les questions et les défis qu’il suscite aujourd’hui tant dans l’enseignement officiel que dans le libre catholique.
520 _aThis article briefly discusses the place and function of Catholic religion classes in compulsory education in French-speaking Belgium. It begins by describing the structure and networks of this type of education, as well as its underlying objectives. Secondly, it presents religion classes by discussing the issues and challenges that they raise today in both the public education system and Catholic private education.
786 0 _nLumen Vitae | Volume LXXXI | 1 | 2026-03-03 | p. 10-20 | 0024-7324
856 4 1 _uhttps://shs.cairn.info/revue-lumen-vitae-2026-1-page-10?lang=fr&redirect-ssocas=7080
999 _c1755556
_d1755556